Making Infrastructure work / (Record no. 532903)

000 -LEADER
fixed length control field 00315nam a22001337a 4500
003 - CONTROL NUMBER IDENTIFIER
control field NUST
038 ## - RECORD CONTENT LICENSOR
Staff Name M.Ramzan
082 ## - DEWEY DECIMAL CLASSIFICATION NUMBER
Classification number 388
Author Mark TAI
100 ## - MAIN ENTRY--PERSONAL NAME
Personal name Tain, A.K.
9 (RLIN) 26515
245 ## - TITLE STATEMENT
Title Making Infrastructure work /
260 ## - PUBLICATION, DISTRIBUTION, ETC.
Place of publication, distribution, etc. New Delhi:
Name of publisher, distributor, etc. Discovery publishing House,
Date of publication, distribution, etc. 2011.
300 ## - PHYSICAL DESCRIPTION
Extent 414 p, :
942 ## - ADDED ENTRY ELEMENTS (KOHA)
Source of classification or shelving scheme
Koha item type Book
Holdings
Withdrawn status Lost status Source of classification or shelving scheme Damaged status Not for loan Permanent Location Current Location Date acquired Total Checkouts Full call number Barcode Date last seen Price effective from Koha item type
          School of Civil and Environmental Engineering (SCEE) School of Civil and Environmental Engineering (SCEE) 12/05/2019   388 TAI NIT-10053 12/05/2019 12/05/2019 Book
© 2023 Central Library, National University of Sciences and Technology. All Rights Reserved.